<?xml version="1.0" encoding="UTF-8"?>
<record
    xmlns:xsi="http://www.w3.org/2001/XMLSchema-instance"
    xsi:schemaLocation="http://www.loc.gov/MARC21/slim http://www.loc.gov/standards/marcxml/schema/MARC21slim.xsd"
    xmlns="http://www.loc.gov/MARC21/slim">

  <leader>03492nam a22004094a 4500</leader>
  <controlfield tag="001">ebr10255040</controlfield>
  <controlfield tag="003">CaPaEBR</controlfield>
  <controlfield tag="006">m        u        </controlfield>
  <controlfield tag="007">cr cn|||||||||</controlfield>
  <controlfield tag="008">050906s2006    enka    sb    001 0 eng  </controlfield>
  <datafield tag="010" ind1=" " ind2=" ">
    <subfield code="z">  2005025840</subfield>
  </datafield>
  <datafield tag="020" ind1=" " ind2=" ">
    <subfield code="z">1845930339 (alk. paper)</subfield>
  </datafield>
  <datafield tag="020" ind1=" " ind2=" ">
    <subfield code="z">9781845930332 (alk. paper)</subfield>
  </datafield>
  <datafield tag="020" ind1=" " ind2=" ">
    <subfield code="z">9781845930332</subfield>
  </datafield>
  <datafield tag="040" ind1=" " ind2=" ">
    <subfield code="a">CaPaEBR</subfield>
    <subfield code="c">CaPaEBR</subfield>
  </datafield>
  <datafield tag="035" ind1=" " ind2=" ">
    <subfield code="a">(OCoLC)298626575</subfield>
  </datafield>
  <datafield tag="043" ind1=" " ind2=" ">
    <subfield code="a">e------</subfield>
    <subfield code="a">n------</subfield>
  </datafield>
  <datafield tag="050" ind1="1" ind2="4">
    <subfield code="a">HD1918</subfield>
    <subfield code="b">.P63 2006eb</subfield>
  </datafield>
  <datafield tag="082" ind1="0" ind2="4">
    <subfield code="a">338.1/8091722</subfield>
    <subfield code="2">22</subfield>
  </datafield>
  <datafield tag="245" ind1="0" ind2="0">
    <subfield code="a">Policy reform and adjustment in the agricultural sectors of developed countries</subfield>
    <subfield code="h">[electronic resource] /</subfield>
    <subfield code="c">edited by David Blandford and Berkeley Hill.</subfield>
  </datafield>
  <datafield tag="260" ind1=" " ind2=" ">
    <subfield code="a">Oxfordshire, UK ;</subfield>
    <subfield code="a">Cambridge, MA :</subfield>
    <subfield code="b">CABI Pub.,</subfield>
    <subfield code="c">c2006.</subfield>
  </datafield>
  <datafield tag="300" ind1=" " ind2=" ">
    <subfield code="a">xviii, 279 p. :</subfield>
    <subfield code="b">ill.</subfield>
  </datafield>
  <datafield tag="504" ind1=" " ind2=" ">
    <subfield code="a">Includes bibliographical references and index.</subfield>
  </datafield>
  <datafield tag="505" ind1="0" ind2=" ">
    <subfield code="a">Agricultural adjustment and policy reform : introduction / David Blandford and Berkeley Hill -- Structural change in European agriculture / Berkeley Hill -- Structural change in US agriculture / James M. MacDonald, Robert Hoppe, and David Banker -- Pressures for adjustment in the agricultural sectors of developed countries / David Blandford -- Policy reform and adjustment in the European Union : changes in the common agricultural policy and enlargement / Pierre Bascou, Pierluigi Londero, and Wolfgang M&#xFFFD;unch -- Policy reform and US agricultural adjustment capacity / Mary E. Burfisher ... [et al.] -- Agricultural policy reform and adjustment in Australia and New Zealand / David Harris and Allan Rae -- The Swedish agricultural policy reform of 1990 / Ewa Rabinowicz -- Agricultural policy reform and structural adjustment in Korea and Japan / Hanho Kim and Yong-Kee Lee -- Policy reform and agricultural adjustment in transition countries / Johan F.M. Swinnen -- The reform of grain transportation policy and transformation in western Canadian agriculture / Darcie Doan, Brian Paddock, and Jan Dyer -- The US peanut quota buyout : sectoral adjustment to policy change under the 2002 Farm Act / Erik Dohlman ... [et al.] -- What affects farmers' ability to adjust : evidence from the United States / Jeffrey Hopkins, Mitch Morehart, and James Johnson -- Differences in farm performance and adjustment to change : a perspective from The Netherlands / Krijn J. Poppe and Hans van Meijl -- Policies affecting resource adjustment in agriculture in the European Union / Carmel Cahill and Berkeley Hill -- Policy for agricultural adjustment in the United States / David Blandford and Richard N. Boisvert -- Adjustment policy for agriculture in developed countries / David Blandford and Berkeley Hill.</subfield>
  </datafield>
  <datafield tag="533" ind1=" " ind2=" ">
    <subfield code="a">Electronic reproduction.</subfield>
    <subfield code="b">Palo Alto, Calif. :</subfield>
    <subfield code="c">ebrary,</subfield>
    <subfield code="d">2013.</subfield>
    <subfield code="n">Available via World Wide Web.</subfield>
    <subfield code="n">Access may be limited to ebrary affiliated libraries.</subfield>
  </datafield>
  <datafield tag="650" ind1=" " ind2="0">
    <subfield code="a">Agriculture and state</subfield>
    <subfield code="z">European Union countries.</subfield>
  </datafield>
  <datafield tag="650" ind1=" " ind2="0">
    <subfield code="a">Agriculture and state</subfield>
    <subfield code="z">North America.</subfield>
  </datafield>
  <datafield tag="650" ind1=" " ind2="0">
    <subfield code="a">Agriculture</subfield>
    <subfield code="x">Economic aspects</subfield>
    <subfield code="z">European Union countries.</subfield>
  </datafield>
  <datafield tag="650" ind1=" " ind2="0">
    <subfield code="a">Agriculture</subfield>
    <subfield code="x">Economic aspects</subfield>
    <subfield code="z">North America.</subfield>
  </datafield>
  <datafield tag="650" ind1=" " ind2="0">
    <subfield code="a">Economic stabilization</subfield>
    <subfield code="z">European Union countries.</subfield>
  </datafield>
  <datafield tag="650" ind1=" " ind2="0">
    <subfield code="a">Economic stabilization</subfield>
    <subfield code="z">North America.</subfield>
  </datafield>
  <datafield tag="655" ind1=" " ind2="7">
    <subfield code="a">Electronic books.</subfield>
    <subfield code="2">local</subfield>
  </datafield>
  <datafield tag="700" ind1="1" ind2=" ">
    <subfield code="a">Blandford, David.</subfield>
  </datafield>
  <datafield tag="700" ind1="1" ind2=" ">
    <subfield code="a">Hill, Berkeley.</subfield>
  </datafield>
  <datafield tag="710" ind1="2" ind2=" ">
    <subfield code="a">ebrary, Inc.</subfield>
  </datafield>
  <datafield tag="856" ind1="4" ind2="0">
    <subfield code="u">http://site.ebrary.com/lib/rucke/Doc?id=10255040</subfield>
    <subfield code="z">An electronic book accessible through the World Wide Web; click to view</subfield>
  </datafield>
  <datafield tag="999" ind1=" " ind2=" ">
    <subfield code="c">14751</subfield>
    <subfield code="d">14751</subfield>
  </datafield>
</record>
